| 000 | 00912nam a22002777a 4500 | ||
|---|---|---|---|
| 001 | 7109 | ||
| 003 | FISKH | ||
| 005 | 20250624083540.0 | ||
| 008 | 250624b cb ||||| |||| 00| 0 eng d | ||
| 040 |
_aFISKH _beng _cFISKH _dFISKH |
||
| 050 | _aPZ7.T3297 P | ||
| 082 | _a823.914 | ||
| 100 | _aThayer, Jane | ||
| 245 |
_aThe puppy who wanted a boy / _cby Jane Thayer : Illustrated by Lisa McCue |
||
| 260 |
_aNew York : _bWilliam Morow & Company, Inc ., _c1958. |
||
| 300 |
_a32 unnumbered pages : _bcolor illustrations ; _c23 cm . |
||
| 505 | _aK | ||
| 520 | _aWhen Petey the puppy decides that he wants a boy for Christmas, he discovers that he must go out and find one on his own. | ||
| 521 | 8 |
_a510
_bLexile |
|
| 521 | 8 |
_aK
_bRaz-Plus |
|
| 650 |
_aDogs _vFiction |
||
| 650 |
_aChristmas _vFiction |
||
| 700 |
_aMcCue, Lisa _eIllustrator |
||
| 942 |
_2ddc _cBK _n0 |
||
| 999 |
_c7109 _d7109 |
||